000 00418cam a2200145 4500500
005 20251012032442.0
041 _afre
042 _adc
100 1 0 _aTorés, Alberto
_eauthor
245 0 0 _aEsencia del secreto
260 _c2000.
500 _a95
786 0 _nSigila | 5 | 1 | 2000-06-20 | p. 107-107 | 1286-1715
856 4 1 _uhttps://shs.cairn.info/revue-sigila-2000-1-page-107?lang=fr&redirect-ssocas=7080
999 _c1547330
_d1547330